Ga-Li-Lê

שמור ב:
מידע ביבליוגרפי
מחבר ראשי: Nguyễn Hoàng Phương
פורמט: ספר
שפה:Vietnamese
יצא לאור: H. Văn hóa 1979
נושאים:
תגים: הוספת תג
אין תגיות, היה/י הראשונ/ה לתייג את הרשומה!
Thư viện lưu trữ: Mạng thư viện Đại học Đà Nẵng
LEADER 00872nam a2200289 4500
001 000014897
003 11267
005 20120516140530.0
008 120516s1979 viesd
020 |c 1đ 
041 0 |a vie 
082 |a 853  |b NG-P 
100 0 |a Nguyễn Hoàng Phương 
245 0 |a Ga-Li-Lê  |c Nguyễn Hoàng Phương 
260 |a H.  |b Văn hóa  |c 1979 
300 |a 345 tr.  |c 19 cm 
653 |a Galilê 
OWN |a LSP 
AVA |a UDN50  |b LSP  |d 853 NG-P  |e available  |t Error 5001 Not defined in file expand_doc_bib_avail.  |f 1  |g 0  |h N  |i 0  |k 1 
999 |a From the UDN01 
AVA |a UDN50  |b LSP  |d 853 NG-P  |e available  |t Error 5001 Not defined in file expand_doc_bib_avail.  |f 1  |g 0  |h N  |i 0  |k 1 
TYP |a Monograph 
TYP |a Printed language 
980 |a Mạng thư viện Đại học Đà Nẵng